000 00641nam a2200229Ia 4500
003 OSt
005 20221007070822.0
006 a|||||r|||| 00| 0
007 ta
008 221006b |||||||| |||| 00| 0 eng d
024 _a25,175
037 _cTextual
040 _aFLL
_cFLL
_beng
041 _2eng
_aeng
082 _aZ3:9534, L0;1
100 _aNewman Charles L.
_9687751
245 0 _aSourcebook on probation parole and pardons
260 _aIllinois
_bCharles C. Thomas Publisher USA
_c1970
300 _axvii,469p
_ccm.
942 _hZ3:9534, L0;1
_cTEXL
_2CC
999 _c1141615
_d1141615